000 00329nam a22001457a 4500
008 210309b ||||| |||| 00| 0 eng d
020 _a9780140225143
041 _aeng
080 _24th
_a82
082 _a82
100 _a21
101 _aGJL
245 _aThe Literature of the United States
_cCunliffe, M
942 _2udc
_cBK
999 _c56028
_d56028